Modern methods for quality control and improvement /

Guardado en:
Autor Principal: Wadsworth, Harrison M.
Otros Autores: Stephens, Kenneth S., Godfrey, A. Blanton.
Formato: Libro
Idioma:English
Publicado: New York : Wiley, c1986.
Materias:
Acceso en línea:Table of contents
Etiquetas: Agregar Etiqueta
Sin Etiquetas, Sea el primero en etiquetar este registro!
LEADER 00895pam a2200241 a 4500
001 MAT.inmabb003645
008 850822s1986####nyua#####b####001#0#eng##
005 20160601175349.0
245 1 0 |a Modern methods for quality control and improvement /  |c Harrison M. Wadsworth, Jr., Kenneth S. Stephens, A. Blanton Godfrey. 
260 |a New York :  |b Wiley,  |c c1986. 
300 |a xiii, 690 p. :  |b il. ;  |c 25 cm. 
504 |a Incluye referencias bibliográficas e índice. 
020 |a 047187695X 
100 1 |a Wadsworth, Harrison M. 
700 1 |a Stephens, Kenneth S. 
700 1 |a Godfrey, A. Blanton. 
650 0 |a Quality control. 
650 0 |a Quality control  |x Statistical methods. 
084 |a 62P30 (62N05 90B25)  |2 msc2000 
010 |a  85020285  
040 |a DLC  |c DLC  |d DLC 
856 4 |3 Table of contents  |u http://www.loc.gov/catdir/toc/onix03/85020285.html 
859 |h 62  |i W124  |p A-7498  |b BIB. MATEMATICA